Statistics for Countries closest to Antipodes of Cities

Click here to take the quiz!

General Stats

  • This quiz has been taken 50 times
  • The average score is 19 of 25

Answer Stats

CityCountries% Correct
Punta ArenasChina
91%
Punta ArenasRussia
91%
JohannesburgUnited States (Hawaii)
91%
AucklandFrance
88%
Punta ArenasMongolia
86%
AucklandSpain
86%
AucklandAlgeria
81%
New York CityAustralia
81%
New York CityIndonesia
81%
AucklandPortugal
81%
AucklandMorocco
79%
Hong KongArgentina
77%
Hong KongBolivia
77%
Hong KongChile
77%
JohannesburgMarshall Islands
77%
New York CityEast Timor
74%
Punta ArenasKazakhstan
74%
JohannesburgKiribati
74%
New York CityMalaysia
74%
Punta ArenasNorth Korea
74%
Hong KongParaguay
74%
Hong KongPeru
74%
New York CitySingapore
67%
JohannesburgSamoa
60%
JohannesburgVanuatu
47%

Score Distribution

Percentile by Number Answered

Percent of People with Each Score

Your Score History

You have not taken this quiz